Regelfragen Schiedsrichter-Zeitung - 01/2025 - Statistiken

Allgemein
  • Dieses Quiz wurde 50 mal gespielt
  • Das Durchschnittsergebnis liegt bei 6 aus 30
Antwortstatistiken
Hint Antwort % Korrekt
In der Nachspielzeit läuft der letzte Angriff.Der neutrale Schiedsrichter-Assistent signalisiert Abseits. Der Schiedsrichter übersieht dies aber und beendet kurz darauf, nachdem die Mannschaft das 2 : 1 erzielt hat, das Spiel. Erst unmittelbar nach dem Schlusspfiff wird er von seinem Assistenten auf die strafbare Abseitsstellung aufmerksam gemacht. Ent-scheidung? Tor? {Kein Tor}
40%
Der Torhüter weigert sich, bei einer Straf-stoßausführung ins Tor zu gehen. Der Schiedsrichter verwarnt ihn deshalb. Als er sich der wiederholten Aufforderung, ins Tor zu gehen, erneut widersetzt, stellt ihn der Schiedsrichter mit „Gelb/Rot" vom Platz.Handelt er richtig? Nein
30%
Der Trainer der Gastmannschaft wird in der40. Minute mittels Roter Karte aus dem Innenraum verwiesen und verlässt diesen auch. In der Halbzeitpause sieht der Schieds-richter, dass der Trainer in die Kabine des Teams geht. Muss er dies verhindern? Nein
30%
Der Ball wird bei einem Einwurf von einem gegnerischen Spieler, der zuvor den Abstandaur weniger als zwei Meter verkürzt hat, aufgehalten. Wie muss der Unparteiische darauf reagieren? Verwarnung
30%
Der Ball wird bei einem Einwurf von einem gegnerischen Spieler, der zuvor den Abstandaur weniger als zwei Meter verkürzt hat, aufgehalten. Wie muss der Unparteiische darauf reagieren? Indirekter Freistoß
27%
In einem Kreispokalspiel wird der Spieler mit der Nr. 5 der Gastmannschaft in der72. Minute wegen eines Haltevergehens ver-warnt. In der Verlängerung verzögert er auf unsportliche Weise die Spielfortsetzung. Der Schiedsrichter gibt ihm erneut „Gelb", stellt ihn aber nicht mit „Gelb/Rot" vom Feld, da man sich in der Verlängerung befindet. Handelt er richtig? Nein
27%
Der Abwehrspieler verkürzt beim Eckstoß den 9,15-Meter-Abstand. Als der Eckstoß ausgeführt wird, erreicht der Abwehrspieler deshalb den Ball und schießt diesen ins Sei-tenaus. Wie entscheidet der Schiri? Wiederholung Eckstoß
27%
Ein verletzter Spieler läuft nach einer Behandlung ohne Zustimmung des Schiedsrichters zurück auf das Spielfeld. Ohne dass er unmittelbar eingreift, erzielt seine Mannschaft kurz darauf ein Tor. Wie entscheidet der Referee? Gelbe Karte
23%
Ein vom Torwart ausgeführter Abstoß miss-lingt. Um zu verhindern, dass nun der gegnerische Stürmer in Ballbesitz gelangt und so frei vor dem Tor stehend schießen kann, spielt der Torhüter den Ball ein zweites Mal.Der Schiedsrichter entscheidet auf indirekten Freistoß und verwarnt den Torwart, da sich noch ein Abwehrspieler auf der Torlinie befand. Handelt er richtig in Bezug auf die Persönliche Strafe? Nein
23%
In einem Kreispokalspiel wird der Spieler mit der Nr. 5 der Gastmannschaft in der72. Minute wegen eines Haltevergehens ver-warnt. In der Verlängerung verzögert er auf unsportliche Weise die Spielfortsetzung. Der Schiedsrichter gibt ihm erneut „Gelb", stellt ihn aber nicht mit „Gelb/Rot" vom Feld, da man sich in der Verlängerung befindet. Handelt er richtig? Nein
23%
Der Abwehrspieler verkürzt beim Eckstoß den 9,15-Meter-Abstand. Als der Eckstoß ausgeführt wird, erreicht der Abwehrspieler deshalb den Ball und schießt diesen ins Sei-tenaus. Wie entscheidet der Schiri? Verwarnung
23%
Einwurf für die Heimmannschaft. Der einwerfende Spieler wirft den Ball entlang der Seitenlinie, ohne dass dieser dabei ins Spielfeld gelangt. Gleichzeitig hat der Spieleraber deutlich beim Einwurf seinen Fuß gehoben.Entscheidung des Schiris? Einwurf
20%
Einwurf für die Heimmannschaft. Der einwerfende Spieler wirft den Ball entlang der Seitenlinie, ohne dass dieser dabei ins Spielfeld gelangt. Gleichzeitig hat der Spieleraber deutlich beim Einwurf seinen Fuß gehoben.Entscheidung des Schiris? Für {gegnerische Mannschaft}
20%
Ein vom Torwart ausgeführter Abstoß miss-lingt. Um zu verhindern, dass nun der gegnerische Stürmer in Ballbesitz gelangt und so frei vor dem Tor stehend schießen kann, spielt der Torhüter den Ball ein zweites Mal.Der Schiedsrichter entscheidet auf indirekten Freistoß und verwarnt den Torwart, da sich noch ein Abwehrspieler auf der Torlinie befand. Handelt er richtig in Bezug auf die Persönliche Strafe? Nein
20%
Der Trainer der Gastmannschaft wird in der40. Minute mittels Roter Karte aus dem Innenraum verwiesen und verlässt diesen auch. In der Halbzeitpause sieht der Schieds-richter, dass der Trainer in die Kabine des Teams geht. Muss er dies verhindern? Nein
20%
Ein verletzter Spieler läuft nach einer Behandlung ohne Zustimmung des Schiedsrichters zurück auf das Spielfeld. Ohne dass er unmittelbar eingreift, erzielt seine Mannschaft kurz darauf ein Tor. Wie entscheidet der Referee? Tor, Anstoß
20%
Ein Angreifer befindet sich knapp hinter der Mittellinie in einer Abseitsposition. Als ein Mitspieler einen langen Pass auf ihn spielt, wird der Ball von einem Verteidiger auf Höhe der Mittellinie mit einem absichtlichen Handspiel abgefangen. Wie entscheidet der Schiedsrichter? Keine Karte
17%
Der Torhüter weigert sich, bei einer Straf-stoßausführung ins Tor zu gehen. Der Schiedsrichter verwarnt ihn deshalb. Als er sich der wiederholten Aufforderung, ins Tor zu gehen, erneut widersetzt, stellt ihn der Schiedsrichter mit „Gelb/Rot" vom Platz.Handelt er richtig? Nein
17%
Ein Spieler meldet sich während des laufenden Spiels wegen einer Behandlung beim Schiedsrichter ab. Auf dem Weg vom Spielfeld in Richtung Seitenlinie passiert ihn ein Gegenspieler, der den Ball führt. Jetzt läuft er zum Ball und spielt diesen erneut. Wie verhält sich der Unparteiische? Direkter Freistoß
13%
Ein Angreifer befindet sich knapp hinter der Mittellinie in einer Abseitsposition. Als ein Mitspieler einen langen Pass auf ihn spielt, wird der Ball von einem Verteidiger auf Höhe der Mittellinie mit einem absichtlichen Handspiel abgefangen. Wie entscheidet der Schiedsrichter? Direkter Freistoß
13%
Bei einem Strafstoß läuft ein Angreifer vor dem Schuss zu früh in den Strafraum. Der Ball prallt vom Pfosten ins Feld zurück und rollt parallel zur Torlinie Richtung Eckfahne.Dort nimmt ihn kurz vor Verlassen des Strafraums der zu früh in den Strafraum gelaufene Stürmer an und spielt ihn zu einem seiner Mitspieler. Wie entscheidet der Schiedsrichter? Keine Karte
13%
Im Strafraum nimmt ein Angreifer einen hohen Flankenball mit dem Fuß an und schießt ihn aufs Tor. Auf der Torlinie wehrt ein Verteidiger den Ball mit den Händen, die beide weit über dem Kopf sind, in Torwart-manier ab und verhindert so ein sicheres Tor.Der Schiedsrichter entscheidet auf Strafstoß und „Rot". Jetzt weist ihn sein neutraler Schiedsrichter-Assistent darauf hin, dass zuvor dem Stürmer bei der Ballannahme der Ball gegen den eng anliegenden Arm geprallt ist. Wie lautet die Entscheidung? Keine Karte
13%
Zwecks Behandlung begibt sich ein Abwehrspieler direkt neben der Eckfahne zur Außen-linie. Während diese erfolgt, steht er mit einem Bein im Spielfeld, mit dem anderen Bein außerhalb. Nun bekommt, circa 20 Meter vor dem Tor, ein Stürmer des Gegners den Ball von seinem Mitspieler zugespielt.Er hat nur noch den Torwart des verletzten Abwehrspielers unmittelbar vor sich. Entscheidung? Weiterspielen, kein Abseits
13%
Zwecks Behandlung begibt sich ein Abwehrspieler direkt neben der Eckfahne zur Außen-linie. Während diese erfolgt, steht er mit einem Bein im Spielfeld, mit dem anderen Bein außerhalb. Nun bekommt, circa 20 Meter vor dem Tor, ein Stürmer des Gegners den Ball von seinem Mitspieler zugespielt.Er hat nur noch den Torwart des verletzten Abwehrspielers unmittelbar vor sich. Entscheidung? Keine Karte
10%
In der Nachspielzeit läuft der letzte Angriff.Der neutrale Schiedsrichter-Assistent signalisiert Abseits. Der Schiedsrichter übersieht dies aber und beendet kurz darauf, nachdem die Mannschaft das 2 : 1 erzielt hat, das Spiel. Erst unmittelbar nach dem Schlusspfiff wird er von seinem Assistenten auf die strafbare Abseitsstellung aufmerksam gemacht. Ent-scheidung? Spielende
10%
Im Strafraum nimmt ein Angreifer einen hohen Flankenball mit dem Fuß an und schießt ihn aufs Tor. Auf der Torlinie wehrt ein Verteidiger den Ball mit den Händen, die beide weit über dem Kopf sind, in Torwart-manier ab und verhindert so ein sicheres Tor.Der Schiedsrichter entscheidet auf Strafstoß und „Rot". Jetzt weist ihn sein neutraler Schiedsrichter-Assistent darauf hin, dass zuvor dem Stürmer bei der Ballannahme der Ball gegen den eng anliegenden Arm geprallt ist. Wie lautet die Entscheidung? Strafstoß
10%
Ein Spieler meldet sich während des laufenden Spiels wegen einer Behandlung beim Schiedsrichter ab. Auf dem Weg vom Spielfeld in Richtung Seitenlinie passiert ihn ein Gegenspieler, der den Ball führt. Jetzt läuft er zum Ball und spielt diesen erneut. Wie verhält sich der Unparteiische? Verwarnung
10%
Ein Stürmer wird im Bereich der Mittellinie von einem Physiotherapeuten behandelt.Dabei steht er mit einem Bein im Spielfeld, mit dem anderen außerhalb. Als der Ball in seine Nähe kommt, läuft er zum Ball und spielt diesen einem Mitspieler zu. Muss der Schiedsrichter eingreifen? Verwarnung
7%
Bei einem Strafstoß läuft ein Angreifer vor dem Schuss zu früh in den Strafraum. Der Ball prallt vom Pfosten ins Feld zurück und rollt parallel zur Torlinie Richtung Eckfahne.Dort nimmt ihn kurz vor Verlassen des Strafraums der zu früh in den Strafraum gelaufene Stürmer an und spielt ihn zu einem seiner Mitspieler. Wie entscheidet der Schiedsrichter? Weiterspielen
7%
Ein Stürmer wird im Bereich der Mittellinie von einem Physiotherapeuten behandelt.Dabei steht er mit einem Bein im Spielfeld, mit dem anderen außerhalb. Als der Ball in seine Nähe kommt, läuft er zum Ball und spielt diesen einem Mitspieler zu. Muss der Schiedsrichter eingreifen? Ja, Indirekter Freistoß
3%
Keine übereinstimmenden Quizze gefunden
Verteilung der Resultate
Anzahl Personen mit jedem Resultat
Perzentil nach korrekt beantworteten Fragen
Ihre Resultats-Entwicklung
Sie haben dieses Quiz noch nicht gespielt